000 00285nam a22001217a 4500
999 _c155408
_d155408
082 _a
_b
100 _aSankara Kurup G
245 _aG yute thiranjedutha kavithakal/
_cby Sankara Kurup G.
260 _aKottayam:
_bD C Books,
_c2008.
300 _a426p.
650 _a
942 _cBK